Library of the University of Algiers 3
Ibrahim Sultan Cheibout
شعار جامعة الجزائر 3
مكتبة جامعة الجزائر 3
إبراهيم سلطان شيبوط

قنوات التوزيع : (رقم التسجيلة. 46328)

تفاصيل مارك
000 -LEADER
fixed length control field 01110nam a2200205Ia 4500
003 - CONTROL NUMBER IDENTIFIER
control field Ost
005 - DATE AND TIME OF LATEST TRANSACTION
control field 20260507075803.0
008 - FIXED-LENGTH DATA ELEMENTS--GENERAL INFORMATION
fixed length control field 260507s9999||||xx |||||||||||||| ||und||
020 ## - INTERNATIONAL STANDARD BOOK NUMBER
International Standard Book Number 9789947265710
040 ## - CATALOGING SOURCE
Transcribing agency fsecg
041 ## - LANGUAGE CODE
Language code of text/sound track or separate title ara
082 ## - DEWEY DECIMAL CLASSIFICATION NUMBER
Classification number 658.81
100 ## - MAIN ENTRY--PERSONAL NAME
Personal name غلاب، نعيمة
Relator term مؤلف
245 #0 - TITLE STATEMENT
Title قنوات التوزيع :
Remainder of title وظائف التوزيع، الوسطاء، منافذ التوزيع /
Statement of responsibility, etc. نعيمة غلاب
260 ## - PUBLICATION, DISTRIBUTION, ETC.
Place of publication, distribution, etc. الجزائر :
Name of publisher, distributor, etc. دار الهدى للطباعة والنشر والتوزيع,
Date of publication, distribution, etc. 2013
300 ## - PHYSICAL DESCRIPTION
Extent 175 صفحة؛
Other physical details إيضاحات ؛
Dimensions 24 سم
504 ## - BIBLIOGRAPHY, ETC. NOTE
Bibliography, etc. note بيبليوغرافيا: ص ص.161-175
520 ## - SUMMARY, ETC.
Summary, etc. يضم التوزيع، قنوات أو منافذ التوزيع، قنوات واستراتيجيات التوزيع، التسيير الداخلي لقنوات التوزيع، منافذ التوزيع ومتغيرات السلوك، الأداء في منافذ التوزيع، السلطة في منافذ التوزيع، الصراع، النماذج السلوكية في منافذ التوزيع.
942 ## - ADDED ENTRY ELEMENTS (KOHA)
Koha item type كتب
المقتنيات
Withdrawn status Lost status Source of classification or shelving scheme Damaged status Not for loan Home library Current library Date acquired Serial enumeration / chronology Inventory number Total checkouts Full call number Barcode Date last seen Price effective from Koha item type
    Library of Congress Classification   NOT LOAN / إعارة داخلية مكتبة كلية العلوم الإقتصادية والعلوم التجارية وعلوم التسيير مكتبة كلية العلوم الإقتصادية والعلوم التجارية وعلوم التسيير 07/05/2026 الطابق الأرضي 025.21/594   529/025.21ن01 025.21/594 07/05/2026 07/05/2026 كتب

موارد الويب المفتوحة


© University of Algiers 3 All Rights Reserved
|
Implemented by LECHELAH Riad